000 00320nam a2200133Ia 4500
008 220216s9999 xx 000 0 und d
100 _aAnitha S
245 0 _aRubberinu idavilayaayi oushadha sasyangal
260 _bRubber
_c2021
300 _a20-23
650 _aIntercrop
650 _aMedicianl plants
942 _cJS
999 _c68246
_d68246